000 00467nam a22001697a 4500
003 OSt
005 20221119124849.0
008 221119b |||||||| |||| 00| 0 eng d
040 _cDLC
050 _bR563F
082 _bR563F
100 _aRietkerk, wim
245 _aThe Future Great Planet Earth:
_bgood news about the future of this earth according to the Bible/
_cby Wim Rietkerk.
260 _a India:
_bGood Books,
_c1989.
300 _a69p.
942 _2ddc
_cBK
999 _c11064
_d11064